Bibliografía de consulta : descentralización educativa (Record no. 63281)

MARC details
000 -CABECERA
campo de control de longitud fija 00549nam a2200181 a 4500
005 - FECHA Y HORA DE LA ÚLTIMA TRANSACCIÓN
campo de control 20210223123807.0
008 - ELEMENTOS DE LONGITUD FIJA--INFORMACIÓN GENERAL
campo de control de longitud fija 991125n 000 0 spa u
035 ## - NÚMERO DE CONTROL DEL SISTEMA
Número de control de sistema UPN01000066055
100 1# - ASIENTO PRINCIPAL--NOMBRE PERSONAL
Nombre de persona Messmacher Linartas, Miguel,
Fechas asociadas al nombre 1972-
9 (RLIN) 29312
222 ## - TÍTULO CLAVE
Título clave REVISTA IBEROAMERICANA DE EDUCACION (ESPAÑA)
245 ## - MENCIÓN DE TÍTULO
Título Bibliografía de consulta : descentralización educativa
300 ## - DESCRIPCIÓN FÍSICA
Extensión 89-119
362 0# - FECHAS DE PUBLICACIÓN Y/O DESIGNACIÓN SECUENCIAL
Fecha de publicación y/o designación secuencial 1993 No. 3 (sep.-dic.)
653 0# - TERMINO DE INDIZACION - NO CONTROLADO
Término no controlado BIBLIOGRAFIA
653 0# - TERMINO DE INDIZACION - NO CONTROLADO
Término no controlado DESCENTRALIZACION EDUCATIVA
904 ## - ELEMENTOS DE DATOS D LOCAL, LDD (RLIN)
a AC
b 003866
905 ## - TIPO DE MATERIAL
Tipo de material Articulo

No items available.